000 01641nam0a22003011 4500
001 rc\3162502
005 20260408003352.0
021 _aRU
_b76-15088
021 _aRU
_bРг5748-76
035 _a(NLR Aleph) 007303309
090 _a5733263
_c5733263
100 _a20120615d1976 |||y0rusy50 ca
101 0 _arus
102 _aRU
105 _aa z |||||
200 1 _aКомплексные энерготехнологические циклонные процессы
_fГос. ком. Совета Министров СССР по науке и технике. Междунар. симпозиум стран-членов СЭВ и СФРЮ по вопросам разработки и применения безотходных и малоотходных технол. процессов, Дрезден, март 1976 г.
210 _aМосква
_cБ. и.
_d1976
215 _a8 с.
_cсхем.
_d21
300 _aПеред загл. авт.: Л. Сидельковский, В. Аракелов, В. Чикунов [и др.]
701 1 _aАракелов
_bВ.
701 1 _aЧикунов
_bВ.
701 1 _aСидельковский
_bЛ.Н.
_gЛазарь Наумович
712 1 2 _aМеждународный симпозиум стран-членов СЭВ и СФРЮ по вопросам разработки и применения безотходных и малоотходных технологических процессов
_f1976
_eДрезден
_3RU\NLR\AUTH\8810167889
_9831597
801 0 _aRU
_bNLR
_gpsbo
801 1 _aRU
_bELAR
_2rusmarc
852 _aNLR
_j76-6/3888
942 _cBOOK
980 _aNB